<?xml version="1.0" encoding="UTF-8"?>
<marc:record xmlns:marc="http://www.loc.gov/MARC21/slim">
   <marc:leader>00000nam a2200000 a 4500</marc:leader>
   <marc:datafield ind1="1" ind2=" " tag="100">
      <marc:subfield code="a">Itaya, Satoshi</marc:subfield>
      <marc:subfield code="4">aut</marc:subfield>
      <marc:subfield code="e">Verfasser/-in</marc:subfield>
   </marc:datafield>
   <marc:datafield ind1=" " ind2=" " tag="653">
      <marc:subfield code="a">Bruder</marc:subfield>
   </marc:datafield>
   <marc:datafield ind1=" " ind2=" " tag="653">
      <marc:subfield code="a">Geschwister</marc:subfield>
   </marc:datafield>
   <marc:datafield ind1="0" ind2="0" tag="245">
      <marc:subfield code="a">Großer Bär &amp; kleiner Bär</marc:subfield>
   </marc:datafield>
   <marc:datafield ind1="0" ind2="0" tag="245">
      <marc:subfield code="c">Satoshi Itaya</marc:subfield>
   </marc:datafield>
   <marc:datafield ind1=" " ind2="1" tag="264">
      <marc:subfield code="a">Zürich</marc:subfield>
      <marc:subfield code="b">Neugebauer</marc:subfield>
      <marc:subfield code="c">2003</marc:subfield>
   </marc:datafield>
   <marc:datafield ind1="1" ind2=" " tag="520">
      <marc:subfield code="a">Quelle: bn.bibliotheksnachrichten (http://www.biblio.at/literatur/bn/index.html); #Autor: Helene Kukelka; #Lebensnahe, anthropomorphisierende Bärengeschichte. (ab 4) (JD)##Mit kleinen Brüdern haben große Brüder oft ihre liebe Not. Mit Tücke erzwingen die sich von ihnen durch ihr markerschütterndes Geschrei Dinge, die sie sonst nie bekommen würden. Kein Wunder, dass große (Bären)Brüder zeitweise genug von diesen kleinen (Bären)Brüdern haben. Trotzdem kann es Situationen geben, in denen sich herausstellt, dass so ein kleiner erpresserischer Heulerich auch für einen großen Bruder nützlich sein kann.#Satoshi Itaya zeichnet die beiden Brüder mit ganz sparsamer, stereotyp anmutender Bärenphysiognomie auf fast leere Seiten. Mit zunehmender Handlungsfülle füllt sich auch das jeweilige Bild und verstärkt durch seine Dichte und dunkle Farbigkeit die Spannung der Handlung. Es entsteht eine sehr schlüssige Alltagsgeschichte, psychologisch gut aufgebaut und textparallel ansprechend illustriert, die Kindern ab 4, 5 Jahren vielleicht hilft, ihre kleinen Geschwister besser zu verstehen. Dieses Bilderbuch könnte durchaus Anstoß für ein kleines Rollenspiel sein.</marc:subfield>
   </marc:datafield>
   <marc:datafield ind1=" " ind2=" " tag="020">
      <marc:subfield code="a">9783851959604</marc:subfield>
      <marc:subfield code="9">9783851959604</marc:subfield>
   </marc:datafield>
   <marc:datafield ind1=" " ind2=" " tag="041">
      <marc:subfield code="a">ger</marc:subfield>
   </marc:datafield>
   <marc:datafield ind1=" " ind2=" " tag="500">
      <marc:subfield code="a">Dt. Textbearb. von Brigitte Weninger</marc:subfield>
   </marc:datafield>
   <marc:datafield ind1=" " ind2=" " tag="300">
      <marc:subfield code="a">[14] Bl.</marc:subfield>
   </marc:datafield>
</marc:record>
